00373nam a2200157Ia 4500008004100000020002200041041000800063082001500071100001600086245002000102260004000122300001400162365000800176650001500184700001600199260330s2024 xx 000 0 und d a978-0-670-92317-5 aeng a658.4bSIS aSIMON SINEK aLEADER EAT LAST aPunebPENGUIN BOOKS LTD. PUNEc2024 a350pgbPB cRs. aLeadership aSIMON SINEK